|
|
|
|
| LEADER |
01231nam a22003017a 4500 |
| 001 |
31757 |
| 003 |
BD-DhAAL |
| 005 |
20171128163112.0 |
| 008 |
171128t2016 bg a|||| |||| 00| 0 eng d |
| 999 |
|
|
|c 38664
|d 38664
|
| 020 |
|
|
|a 9789843417589
|
| 040 |
|
|
|a BD-DhAAL
|
| 082 |
|
|
|2 21
|a 362.1095492
|
| 245 |
|
|
|a Creating momentum for Universal Health Coverage (UHC) in Bangladesh :
|b challenges and opportunities /
|c Syed Masud Ahmed [et..al]
|
| 260 |
|
|
|a Dhaka :
|b Centre of Excellence for Universal Health Coverage (CoE-UHC) & James P Grant School of Public Health (JPGSPH), BRAC University,
|c 2017
|
| 300 |
|
|
|a 78 pages ;
|b illustrations :
|c 25 cm.
|
| 490 |
0 |
|
|a Working paper series,
|v no. 6
|
| 526 |
|
|
|a 31757
|
| 541 |
|
|
|a BRAC
|e 31757
|
| 650 |
|
|
|a Public health
|z Bangladesh
|9 24046
|
| 700 |
|
|
|a Ahmed, Syed Masud
|9 24041
|
| 700 |
|
|
|a Rawal, Lal B
|9 24042
|
| 700 |
|
|
|a Hossain, Tarek
|9 24043
|
| 700 |
|
|
|a Naher, Nahitun
|9 24044
|
| 700 |
|
|
|a Phaholyothin, Natalie
|9 24045
|
| 852 |
|
|
|a Ayesha Abed Library
|c General Stacks
|
| 942 |
|
|
|2 ddc
|c BK
|
| 952 |
|
|
|0 0
|1 0
|2 ddc
|4 0
|6 362_109549200000000_CRE
|7 0
|9 62032
|a BRACUL
|b BRACUL
|c GEN
|d 2017-11-28
|e Complementary copy from BRAC
|l 0
|o 362.1095492 CRE
|p 3010031757
|r 2017-11-28
|t 1
|w 2017-11-28
|y BK
|